<?xml version="1.0" encoding="UTF-8"?>
<record
    xmlns:xsi="http://www.w3.org/2001/XMLSchema-instance"
    xsi:schemaLocation="http://www.loc.gov/MARC21/slim http://www.loc.gov/standards/marcxml/schema/MARC21slim.xsd"
    xmlns="http://www.loc.gov/MARC21/slim">

  <leader>01957nam a2200373 a 4500</leader>
  <controlfield tag="001">00166</controlfield>
  <controlfield tag="003">DO-SdBNP</controlfield>
  <controlfield tag="005">20180316144650.0</controlfield>
  <controlfield tag="007">00166</controlfield>
  <controlfield tag="008">150130s   2001    dr      000 0 spa d</controlfield>
  <datafield tag="020" ind1=" " ind2=" ">
    <subfield code="a">8482613405</subfield>
  </datafield>
  <datafield tag="040" ind1=" " ind2=" ">
    <subfield code="a">BPMSU</subfield>
    <subfield code="b">spa</subfield>
    <subfield code="c">BPMSU</subfield>
  </datafield>
  <datafield tag="082" ind1=" " ind2="4">
    <subfield code="a">373.7    </subfield>
    <subfield code="b">F316m    2do.    2001 </subfield>
  </datafield>
  <datafield tag="100" ind1="1" ind2=" ">
    <subfield code="a">F&#xE9;liz, Orelvis</subfield>
  </datafield>
  <datafield tag="245" ind1="1" ind2="0">
    <subfield code="a">Matem&#xE1;ticas  2:</subfield>
    <subfield code="b">[educaci&#xF3;n media] /</subfield>
    <subfield code="c">Orelvis F&#xE9;liz, Ram&#xF3;n Laurens Cartagena ; direcci&#xF3;n editorial Obdulia Garc&#xED;a de Escobar ; ilustraci&#xF3;n Ruddy N&#xFA;&#xF1;ez.</subfield>
  </datafield>
  <datafield tag="260" ind1=" " ind2=" ">
    <subfield code="a">Santo Domingo :</subfield>
    <subfield code="b">Santillana,</subfield>
    <subfield code="c">2001.</subfield>
  </datafield>
  <datafield tag="300" ind1=" " ind2=" ">
    <subfield code="a">279 p. :</subfield>
    <subfield code="b">il., retrs. ;</subfield>
    <subfield code="c">28 cm.</subfield>
  </datafield>
  <datafield tag="490" ind1="1" ind2=" ">
    <subfield code="a">Umbral</subfield>
  </datafield>
  <datafield tag="500" ind1=" " ind2=" ">
    <subfield code="a">Segundo de bachillerato, 2do. curso/primer ciclo</subfield>
  </datafield>
  <datafield tag="505" ind1="1" ind2=" ">
    <subfield code="t">2do. curso / 1er. ciclo --</subfield>
    <subfield code="t">Unidad 1. -  El razonamiento matem&#xE1;tico --</subfield>
    <subfield code="t">Unidad 2 . -  Estructuras algebraicas --</subfield>
    <subfield code="t">Unidad 3 .- Teor&#xED;a del residuo --</subfield>
    <subfield code="t">Unidad 4 .- Funciones --</subfield>
    <subfield code="t">Unidad 5 .-  Ecuaciones --</subfield>
    <subfield code="t">Unidad 6. - Inecuaciones --</subfield>
    <subfield code="t">Unidad 7. - Tri&#xE1;ngulos y cuadril&#xE1;teros --</subfield>
    <subfield code="t">Unidad 8. - Pol&#xED;gonos --</subfield>
    <subfield code="t">Unidad 9 .-  Introducci&#xF3;n a la trigonometr&#xED;a --</subfield>
    <subfield code="t">Unidad 10 .- Funciones inversas --</subfield>
    <subfield code="t">Unidad 11. - Resoluci&#xF3;n de tri&#xE1;ngulos --</subfield>
    <subfield code="t">Unidad 12 . - Ecuaciones trigonom&#xE9;tricas --</subfield>
    <subfield code="t">Unidad 13 .- &#xC1;lgebra vectorial --</subfield>
    <subfield code="t">Unidad 14 .-Transformaciones geom&#xE9;tricas --</subfield>
    <subfield code="t">Unidad 15 .- Sucesiones y progresiones --</subfield>
    <subfield code="t">Unidad 16 .- Estad&#xED;stica y probabilidades --</subfield>
  </datafield>
  <datafield tag="650" ind1=" " ind2="4">
    <subfield code="a">MATEM&#xC1;TICAS</subfield>
    <subfield code="x">ENSE&#xD1;ANZA SECUNDARIA</subfield>
  </datafield>
  <datafield tag="650" ind1=" " ind2="4">
    <subfield code="a">EDUCACI&#xD3;N SECUNDARIA </subfield>
    <subfield code="z">REP&#xDA;BLICA DOMINICANA</subfield>
  </datafield>
  <datafield tag="650" ind1=" " ind2="4">
    <subfield code="a">EDUCACI&#xD3;N SECUNDARIA</subfield>
    <subfield code="x">LIBROS DE TEXTOS</subfield>
  </datafield>
  <datafield tag="650" ind1=" " ind2=" ">
    <subfield code="a">EDUCACI&#xD3;N SECUND&#xC1;RIA</subfield>
    <subfield code="x">ESTUDIOS Y EJERC&#xCD;CIOS</subfield>
  </datafield>
  <datafield tag="700" ind1="1" ind2=" ">
    <subfield code="a">Laurens, Ram&#xF3;n</subfield>
  </datafield>
  <datafield tag="700" ind1="1" ind2="2">
    <subfield code="a">Garc&#xED;a de Escobar, Obdulia,</subfield>
    <subfield code="e">ed.</subfield>
  </datafield>
  <datafield tag="700" ind1="1" ind2="2">
    <subfield code="a">N&#xFA;&#xF1;ez, Ruddy,</subfield>
    <subfield code="e">il. </subfield>
  </datafield>
  <datafield tag="830" ind1=" " ind2="0">
    <subfield code="a">Umbral</subfield>
  </datafield>
  <datafield tag="910" ind1=" " ind2=" ">
    <subfield code="a">Validado. Control de calidad MFF</subfield>
  </datafield>
  <datafield tag="942" ind1=" " ind2=" ">
    <subfield code="2">ddc</subfield>
    <subfield code="c">BK</subfield>
  </datafield>
  <datafield tag="945" ind1=" " ind2=" ">
    <subfield code="a">inventariado, 2018 / dg</subfield>
  </datafield>
  <datafield tag="952" ind1=" " ind2=" ">
    <subfield code="0">0</subfield>
    <subfield code="1">0</subfield>
    <subfield code="2">ddc</subfield>
    <subfield code="4">0</subfield>
    <subfield code="7">0</subfield>
    <subfield code="8">CE</subfield>
    <subfield code="a">BPMET</subfield>
    <subfield code="b">BPMET</subfield>
    <subfield code="d">2016-04-07</subfield>
    <subfield code="e">Donaci&#xF3;n</subfield>
    <subfield code="l">0</subfield>
    <subfield code="o">373.7  F316m    2do.  2001  </subfield>
    <subfield code="p">BPMSU16040208</subfield>
    <subfield code="r">2016-04-07</subfield>
    <subfield code="w">2016-04-07</subfield>
    <subfield code="y">BK</subfield>
  </datafield>
  <datafield tag="952" ind1=" " ind2=" ">
    <subfield code="0">0</subfield>
    <subfield code="1">0</subfield>
    <subfield code="2">ddc</subfield>
    <subfield code="4">0</subfield>
    <subfield code="7">0</subfield>
    <subfield code="8">CE</subfield>
    <subfield code="a">BPMET</subfield>
    <subfield code="b">BPMET</subfield>
    <subfield code="d">2016-04-07</subfield>
    <subfield code="e">Donaci&#xF3;n</subfield>
    <subfield code="l">0</subfield>
    <subfield code="o">373.7  F316m    2do.  2001</subfield>
    <subfield code="p">BPMSU16040209</subfield>
    <subfield code="r">2016-04-07</subfield>
    <subfield code="t">ej. 2</subfield>
    <subfield code="w">2016-04-07</subfield>
    <subfield code="y">BK</subfield>
  </datafield>
  <datafield tag="952" ind1=" " ind2=" ">
    <subfield code="0">0</subfield>
    <subfield code="1">0</subfield>
    <subfield code="2">ddc</subfield>
    <subfield code="4">0</subfield>
    <subfield code="7">0</subfield>
    <subfield code="a">BPMET</subfield>
    <subfield code="b">BPMET</subfield>
    <subfield code="d">2016-04-20</subfield>
    <subfield code="l">0</subfield>
    <subfield code="o">373.7   F316m  2do.   2001 </subfield>
    <subfield code="p">BPMSU16040589</subfield>
    <subfield code="r">2016-04-20</subfield>
    <subfield code="t">ej.3</subfield>
    <subfield code="w">2016-04-20</subfield>
    <subfield code="y">BK</subfield>
  </datafield>
  <datafield tag="956" ind1=" " ind2=" ">
    <subfield code="a">VMATEO</subfield>
    <subfield code="b">10</subfield>
    <subfield code="c">20150717</subfield>
    <subfield code="l">BPMSU</subfield>
    <subfield code="h">00151</subfield>
  </datafield>
  <datafield tag="956" ind1=" " ind2=" ">
    <subfield code="a">BPMSU</subfield>
    <subfield code="b">10</subfield>
    <subfield code="c">20160407</subfield>
    <subfield code="l">BPMSU</subfield>
    <subfield code="h">00166</subfield>
  </datafield>
  <datafield tag="999" ind1=" " ind2=" ">
    <subfield code="c">9625</subfield>
    <subfield code="d">9625</subfield>
  </datafield>
</record>
